Apuntes de Derecho Internacional Pb︢lico

Detalles Bibliográficos
Autor principal: Rodrg̕uez Da̕z, Begoą
Formato: eBook
Lenguaje:español
Publicado: Madrid: Dykinson, 2016
Materias:
Acceso en línea:Acceso restringido

MARC

LEADER 00000nam a22000007a 4500
005 2017090509449.0
007 cr|||| ||||
008 170905s2016 es |||||s|||| 00||0 spa d
020 |a 978-84-9085-965-0 
035 |a 20515 
040 |a vLex 
090 |c 6918  |d 6918 
100 1 |a Rodrg̕uez Da̕z, Begoą 
245 1 0 |a Apuntes de Derecho Internacional Pb︢lico  |h [Recurso electrn̤ico] /  |c Begoą Rodrg̕uez Da̕z 
256 |a Servicio en ln̕ea 
260 |a Madrid:  |b Dykinson,  |c 2016 
300 |a 1 recurso electrn̤ico 
506 1 |a Disponible solo en los productos indicados  |d vLex Global  |d vLex Global (Academic Edition, excluding Law Schools)  |d vLex Global (U.S. Academic Edition, Law Schools)  |d vLex Global (U.S. Academic Edition, excluding Law Schools)  |d vLex Global (Academic Edition, Law Schools) 
650 0 4 |a Derecho Internacional  |z Espaą 
740 0 |a vLex Libros (Servicio en ln̕ea) 
856 4 0 |u http://vlex.com/source/apuntes-derecho-internacional-publico-20515  |z Acceso restringido 
942 |c BOOK 
999 0 |a International right